Đánh giá thực trạng và đề xuất mô hình sử dụng đất nông nghiệp bền vững ở 3 vùng sinh thái khác nhau tại huyện Hồng Dân, tỉnh Bạc Liêu : Luận văn tốt nghiệp cao học ngành. Quản lý đất đai

Đề tài được thực hiện nhằm mục đích cải thiện các mô hình sử dụng đất đai, chuyển đổi cơ cấu sản xuất theo hướng bền vững, nghiên cứu được tiến hành. Vùng nghiên cứu là 03 vùng sinh thái nông nghiệp (mặn, lợ, ngọt) của huyện Hồng...

Ausführliche Beschreibung

Gespeichert in:
Bibliographische Detailangaben
1. Verfasser: Trần, Minh Sự
Format: Buch
Sprache:Undetermined
Veröffentlicht: Cần Thơ Trường Đại học Cần Thơ 2019
Schlagworte:
Tags: Tag hinzufügen
Keine Tags, Fügen Sie den ersten Tag hinzu!
Thư viện lưu trữ: Trung tâm Học liệu Trường Đại học Cần Thơ
LEADER 01349nam a2200229Ia 4500
001 CTU_232933
008 210402s9999 xx 000 0 und d
082 |a 333.76 
082 |b S550 
088 |a 8850103 
100 |a Trần, Minh Sự 
245 0 |a Đánh giá thực trạng và đề xuất mô hình sử dụng đất nông nghiệp bền vững ở 3 vùng sinh thái khác nhau tại huyện Hồng Dân, tỉnh Bạc Liêu : 
245 0 |b Luận văn tốt nghiệp cao học ngành. Quản lý đất đai 
245 0 |c Trần Minh Sự ; Lê Quang Trí (cán bộ hướng dẫn) 
260 |a Cần Thơ 
260 |b Trường Đại học Cần Thơ 
260 |c 2019 
520 |a Đề tài được thực hiện nhằm mục đích cải thiện các mô hình sử dụng đất đai, chuyển đổi cơ cấu sản xuất theo hướng bền vững, nghiên cứu được tiến hành. Vùng nghiên cứu là 03 vùng sinh thái nông nghiệp (mặn, lợ, ngọt) của huyện Hồng Dân, tỉnh Bạc Liêu. 
650 |a Đất nông nghiệp,Agricultural lands 
910 |b tvtrong 
910 |c tvtrong 
980 |a Trung tâm Học liệu Trường Đại học Cần Thơ